| 000 | 02473nam a2200433Ii 4500 | ||
|---|---|---|---|
| 001 | DIGBCACC0136 | ||
| 003 | NyNyDIG | ||
| 006 | m o d | ||
| 007 | cr ||||||||||| | ||
| 008 | 131001s2008 sp ob 000 0 spa d | ||
| 020 |
_a9789689342458 _q(eBook) |
||
| 020 |
_a9689342452 _q(eBook) |
||
| 035 | _a(OCoLC)527382913 | ||
| 040 |
_aDGITA _beng _epn _cDGITA |
||
| 043 | _an-mx--- | ||
| 050 | 1 | 4 | _aF1219.1.P9 eBook |
| 245 | 0 | 0 |
_aTula : _bciudad mítica / _cFundación Cultural Armella Spitalier. |
| 264 | 1 |
_aMexico, D.F. : _bCacciani, S.A. de C.V. _bFundación Cultural Armella Spitalier, _c2008. |
|
| 300 |
_a1 online resource (62 pages) : _bill. |
||
| 336 |
_atext _btxt _2rdacontent |
||
| 337 |
_acomputer _bc _2rdamedia |
||
| 338 |
_aonline resource _bcr _2rdacarrier |
||
| 490 | 1 |
_aLa manera de conocer el pasado mesoamericano a través de su arte ; _v36 |
|
| 504 | _aIncludes bibliographical references (p. 30) | ||
| 505 | 0 | _aAntecedentes de Investigación -- Historia del sitio -- Tula, ciudad de Ce Acatl Topiltzin Quetzalcoatl -- Toltecas: maestros de las artes y de la guerra -- Entorno y ubicación -- Cerámica de tula -- Visita virtual -- Juego de Pelota 1 -- Juego de Pelota 2 -- Vestíbulo -- Pirámide B -- Palacio de Quetzalcoatl -- Atlantes -- Coatepantli -- Pirámide C -- El palacio quemado -- Tzompantli -- Adoratorio -- Edificio J -- Edificio K -- Tula Chico (El Corral) -- Glosario -- Bibliografía -- Selección de Piezas -- Créditos. | |
| 520 | _a"Tlahuiscalpantecutli significa la estrella del amanecer. Este centro ceremonial, famoso por sus esculturas gigantes, fue concebido como un adoratorio a Venus. El esplendor de la cultura Tolteca se puede apreciar en esta obra, en donde se muestran ejemplos de trabajos en piedra monumentales y piezas de ceramica de relevancia sin paralelo." (p. 3). | ||
| 650 | 0 |
_aIndian art _zCentral America. |
|
| 650 | 0 |
_aIndian art _zMexico. |
|
| 650 | 0 |
_aArchaeological museums and collections _zMexico. |
|
| 651 | 0 | _aTula Site (Tula de Allende, Mexico) | |
| 655 | 0 | _aElectronic books. | |
| 710 | 2 | _aFundación Cultural Armella Spitalier | |
| 791 | 2 |
_aDigitalia (Firm), _edistributor. |
|
| 830 | 0 |
_aLa manera de conocer el pasado mesoamericano a través de su arte ; _v36. |
|
| 793 | 0 |
_gDigitalia eBook Collection: _aEditorial Cacciani. |
|
| 856 | 4 | 0 |
_3Digitalia Hispánica _uhttps://www.digitaliapublishing.com/a/1492/ |
| 910 | _aPremium Collection: 2007-2012 | ||
| 942 | _cRAA | ||
| 999 |
_c230266 _d230266 |
||